Statistics for Deadpool Characters Click Quiz

Click here to take the quiz!

General Stats

  • This quiz has been taken 37 times
  • The average score is 8 of 20

Answer Stats

HintAnswer% Correct
Ryan ReynoldsDeadpool
96%
Hugh JackmanWolverine
75%
Josh BrolinCable
64%
Brad PittVanisher
50%
TJ MillerWeasel
50%
Ryan Reynolds (voice)Juggernaut
46%
Morena BaccarinVanessa Carlysle
46%
Shioli KutsunaYukio
46%
Zazie BeetzDomino
39%
Terry CrewsBedlam
36%
Stefan KapićičColossus
36%
Brianna HildebrandNegasonic Teenage Warhead
36%
Leslie UggamsBlind Al
32%
Karan SoniDopinder
32%
Bill SkarsgårdZeitgeist
32%
Ed SkreinFrancis (also known as Ajax)
29%
Rob DelaneyPeter W
29%
Emma CorrinCassandra Nova
25%
Julian DennisonFirefist
21%
Lewis TanShatterstar
18%

Score Distribution

Percentile by Number Answered

Percent of People with Each Score

Your Score History

You have not taken this quiz